Coordinación de protecciones eléctricas de transformadores de una (Registro nro. 2730)

Detalles MARC
000 -LEADER
campo de control de longitud fija 02616nam a22003737a 4500
001 - NÚMERO DE CONTROL
campo de control 42835
003 - IDENTIFICADOR DE NÚMERO DE CONTROL
campo de control gtgccic
005 - FECHA Y HORA DE LA ÚLTIMA TRANSACCIÓN
campo de control 20260317124022.0
007 - CAMPO FIJO DE DESCRIPCIÓN FÍSICA--INFORMACIÓN GENERAL
campo de control de longitud fija ta
008 - DATOS DE LONGITUD FIJA--INFORMACIÓN GENERAL
campo de control de longitud fija 260317b gt ||||| |||| 00| 0 spa d
040 ## - FUENTE DE CATALOGACIÓN
Centro catalogador/agencia de origen gtgccic
Lengua de catalogación spa
Centro/agencia transcriptor gtgccic
Normas de descripción rda
084 ## - OTRO NÚMERO DE CLASIFICACIÓN
Número de control del registro de autoridad o número normalizado TPI-18-0142
100 10 - ENTRADA PRINCIPAL--NOMBRE DE PERSONA
Nombre de persona Orlando José Páez Rodríguez
Fechas asociadas al nombre Ingeniero Mecánico Electricista
Término indicativo de función/relación autor
245 10 - MENCIÓN DEL TÍTULO
Título Coordinación de protecciones eléctricas de transformadores de una
Resto del título planta cementera /
Mención de responsabilidad, etc. Páez Rodríguez, Orlando José
264 10 - PRODUCCIÓN, PUBLICACIÓN, DISTRIBUCIÓN, FABRICACIÓN Y COPYRIGHT
Producción, publicación, distribución, fabricación y copyright Guatemala :
Nombre del de productor, editor, distribuidor, fabricante USAC, Facultad de Ingeniería ;
Fecha de producción, publicación, distribución, fabricación o copyright 2018 .-
300 ## - DESCRIPCIÓN FÍSICA
Extensión 57 p. :
Otras características físicas il. ;
Dimensiones 28 cm
336 ## - TIPO DE CONTENIDO
Fuente rdacontenido
Término de tipo de contenido Texto
Código de tipo de contenido txt
337 ## - TIPO DE MEDIO
Fuente rdamedio
Nombre/término del tipo de medio sin mediación
Código del tipo de medio n
338 ## - TIPO DE SOPORTE
Fuente rdasoporte
Nombre/término del tipo de soporte volumen
Código del tipo de soporte nc
502 ## - NOTA DE TESIS
Nota de tesis Tesis Posgrado
Tipo de título MAESTRO EN ARTES EN ENERGÍA Y AMBIENTE
Nombre de la institución que otorga el título USAC, Facultad de Ingeniería, Escuela de Posgrado
Año de obtención del título 2018
Identificador de la tesis TPI-18-0142
504 ## - NOTA DE BIBLIOGRAFÍA, ETC.
Nota de bibliografía, etc. Nota Bibliografía pag. 55
505 ## - NOTA DE CONTENIDO CON FORMATO
Título 1. MARCO TEÓRICO (La industria del cemento)
505 ## - NOTA DE CONTENIDO CON FORMATO
Título 2. COMPILACIÓN E INTERPRETACIÓN DE DATOS<br/>(Valores límite de transformadores)
505 ## - NOTA DE CONTENIDO CON FORMATO
Título 3. INTERPRETACIÓN Y SIMULACIÓN DE NUEVOS PARÁMETROS DE PROTECCIÓN ELÉCTRICA
505 ## - NOTA DE CONTENIDO CON FORMATO
Título 4. MODIFICACIÓN Y SIMULACIÓN DE PARÁMETROS PARA NUEVA CURVA DE PROTECCIÓN ELÉCTRICA
505 ## - NOTA DE CONTENIDO CON FORMATO
Título 5. PRESENTACIÓN DE RESULTADOS
505 ## - NOTA DE CONTENIDO CON FORMATO
Título 6. DISCUSIÓN DE RESULTADOS
520 ## - RESUMEN, ETC.
Sumario, etc. Las protecciones eléctricas que se encuentran en la industria protegen a los equipos y procesos de fallos de energía internas como externas. En una planta cementera donde ocurren cambios repentinos de energía, por arranque de equipos de gran dimensión, se debe tener una coordinación apropiada que pueda distinguir entre arranques de equipos y una falla real en el sistema eléctrico. <br/>A través de la recopilación y análisis de mediciones eléctricas en los puntos de interés, se evaluaron los valores máximos que alcanzan los equipos durante su arranque y los valores promedio de operación continua. Utilizando el software para coordinación eléctrica ETAP, se compilaron los parámetros e información de los equipos de protección instalados y datos técnicos de las instalacines eléctricas de la planta. Con el software se desplegó gráficamente las curvas de disparo configuradas actualmente a los equipos, para analizar contra los valores de operación de la planta y verificar si cumplen con las especificaciones eléctricas demandadas.
650 ## - PUNTO DE ACCESO ADICIONAL DE MATERIA--TÉRMINO DE MATERIA
Término de materia o nombre geográfico como elemento de entrada INSTALACIONES ELÉCTRICAS
650 ## - PUNTO DE ACCESO ADICIONAL DE MATERIA--TÉRMINO DE MATERIA
Término de materia o nombre geográfico como elemento de entrada PLANTAS
700 ## - ENTRADA AGREGADA--NOMBRE PERSONAL
Nombre de persona Msc. Ing. Juan Sebastián De León Regil Wald
Término indicativo de función/relación asesor
942 ## - ELEMENTOS DE ENTRADA SECUNDARIOS (KOHA)
Fuente de la clasificación o esquema de estantería Clasificación Decimal Dewey
Tipo de ítem Koha TESISPOSTGRADO
945 ## - PROCESAMIENTO DE INFORMACIÓN LOCAL (OCLC)
a amlo
Existencias
Estatus retirado Estado de pérdida Fuente de la clasificación o esquema de estantería Estado de daño No para préstamo Biblioteca de origen Biblioteca actual Fecha de adquisición Número de inventario Total de préstamos Signatura topográfica completa Código de barras Visto por última vez Precio de reemplazo Tipo de ítem Koha Nota pública
    Clasificación Decimal Dewey     CENTRO DE INFORMACIÓN A LA CONSTRUCCIÓN-CICON CENTRO DE INFORMACIÓN A LA CONSTRUCCIÓN-CICON 17/03/2026 P20180142   TPI-18-0142 20180142 17/03/2026 17/03/2026 TESISPOSTGRADO disponible